[Event "Tournoi francophone 002 Groupe D"]
[Site "Skype"]
[Date "????.??.??"]
[Round "7.5"]
[White "Gabriele, Noel"]
[Black "Moumtaz, Abderrahim"]
[Result "0-1"]
[WhiteElo "1310"]
[BlackElo "1216"]
[PlyCount "52"]

1. h3 e5 2. e4 Nf6 3. d3 c5 4. Nf3 Nc6 5. Nc3 Be7 6. Be2 Nd4 7. Nxd4 cxd4 8.
Nd5 Nxd5 9. exd5 d6 10. O-O O-O 11. f4 Bf6 12. b3 Bf5 13. Ba3 e4 14. Rc1 Re8
15. g4 Bg6 16. f5 Bg5 17. Rb1 Be3+ 18. Kg2 Bh5 19. gxh5 Qg5+ 20. Bg4 Bf4 21.
Qe1 exd3 22. Qf2 dxc2 23. Qxc2 Qh4 24. Rxf4 Qg5 25. Qf2 d3 26. Rd1 Re2 0-1

[Event "Tournoi francophone 002 Groupe D"]
[Site "Skype"]
[Date "????.??.??"]
[Round "8.1"]
[White "Vervoort, Jean-Louis"]
[Black "Moumtaz, Abderrahim"]
[Result "1-0"]
[WhiteElo "1330"]
[BlackElo "1216"]
[PlyCount "97"]

1. d4 d5 2. c4 e6 3. Nc3 Nf6 4. Bg5 Nbd7 5. e3 Bb4 6. Bd3 O-O 7. Nf3 c6 8. O-O
Bxc3 9. bxc3 Re8 10. cxd5 exd5 11. c4 h6 12. Bh4 dxc4 13. Bxc4 Qe7 14. Qb3 b5
15. Bd3 Rb8 16. Rac1 c5 17. Rfe1 c4 18. Qc2 cxd3 19. Qxd3 Bb7 20. Qxb5 Bxf3 21.
Bxf6 Nxf6 22. Qa4 Bd5 23. Qa5 Be4 24. Rc7 Qd8 25. Qxa7 Bb7 26. Rxb7 Rxb7 27.
Qxb7 Re7 28. Qa6 Rc7 29. h3 Ne4 30. a4 Rc2 31. f3 Ng3 32. a5 Rc8 33. Qb5 Rb8
34. Qa4 Rb5 35. Qxb5 Kh7 36. a6 Qa8 37. Qb7 Qxb7 38. axb7 Nh5 39. b8=Q Nf6 40.
Qb1+ Kg8 41. Rc1 Kf8 42. Rc8+ Ke7 43. Qb7+ Ke6 44. Qc6+ Kf5 45. Rf8 Kg6 46.
Qc2+ Kg5 47. Rxf7 Nh5 48. Qf5+ Kh4 49. Qg4# 1-0

[Event "Tournoi francophone 002 Groupe D"]
[Site "Skype"]
[Date "????.??.??"]
[Round "8.2"]
[White "Gerbaux, Regis"]
[Black "Gabriele, Noel"]
[Result "0-1"]
[WhiteElo "1311"]
[BlackElo "1310"]
[PlyCount "38"]

1. d4 d5 2. c4 e6 3. Nc3 c6 4. Nf3 dxc4 5. e3 b5 6. a3 Nf6 7. Be2 Be7 8. O-O
O-O 9. e4 h6 10. Bf4 Nbd7 11. b4 Nh5 12. Be3 f5 13. Ne5 Nxe5 14. Bxh5 Nd7 15.
f4 Nf6 16. Bf2 Nxe4 17. Nxe4 fxe4 18. Bg3 Qd5 19. Qd2 Qxh5 0-1

[Event "Tournoi francophone 002 Groupe D"]
[Site "Skype"]
[Date "????.??.??"]
[Round "8.5"]
[White "Lequeux, Pierre"]
[Black "Farfallini, Michel"]
[Result "0-1"]
[WhiteElo "1243"]
[BlackElo "1300"]
[PlyCount "54"]

1. c4 c5 2. Nc3 e6 3. Nf3 Nf6 4. e3 d5 5. d3 Be7 6. cxd5 exd5 7. d4 c4 8. b3
Qa5 9. Bd2 Bb4 10. Nb1 c3 11. a4 cxd2+ 12. Nfxd2 Ne4 13. Bb5+ Bd7 14. Bd3 Nxd2
15. Nxd2 O-O 16. f3 Re8 17. Ke2 Nc6 18. e4 Nxd4+ 19. Ke1 Bxd2+ 20. Qxd2 Qxd2+
21. Kxd2 Nxb3+ 22. Ke2 Nxa1 23. Rxa1 Bc6 24. Ke3 f5 25. a5 dxe4 26. fxe4 Bxe4
27. Bb5 Bc6+ 0-1

[Event "Tournoi francophone 002 Groupe D"]
[Site "Skype"]
[Date "????.??.??"]
[Round "9.1"]
[White "Farfallini, Michel"]
[Black "Vervoort, Jean-Louis"]
[Result "0-1"]
[WhiteElo "1300"]
[BlackElo "1330"]
[PlyCount "46"]

1. e4 e5 2. Nf3 Nf6 3. Nxe5 Nxe4 4. d3 d6 5. Nf3 Nf6 6. Be2 Nc6 7. O-O d5 8. c3
Bc5 9. d4 Bd6 10. Bb5 Bd7 11. Re1+ Be7 12. Bg5 O-O 13. Bxf6 Bxf6 14. Qb3 b6 15.
Bd3 g6 16. Qxd5 Re8 17. Rxe8+ Qxe8 18. Nbd2 Be6 19. Qe4 Qd7 20. Nc4 Re8 21.
Nce5 Bxe5 22. dxe5 Bf5 23. Qe2 Bxd3 0-1

[Event "Tournoi francophone 002 Groupe D"]
[Site "Skype"]
[Date "????.??.??"]
[Round "9.4"]
[White "Gabriele, Noel"]
[Black "Bousbia, Amine"]
[Result "0-1"]
[WhiteElo "1310"]
[BlackElo "1418"]
[PlyCount "122"]

1. Nf3 Nf6 2. Nc3 d5 3. d4 g6 4. h3 Bg7 5. e3 Ne4 6. Nxe4 dxe4 7. Ng5 Qd5 8. h4
O-O 9. Be2 b5 10. b3 a6 11. Ba3 h6 12. Nh3 Bxh3 13. Rxh3 Nc6 14. c3 Rab8 15. b4
e5 16. Bb2 exd4 17. exd4 e3 18. f3 Rfe8 19. Qc2 Rbd8 20. g4 h5 21. g5 Qd7 22.
Rg3 Ne7 23. O-O-O Nf5 24. Rgg1 Nxh4 25. f4 Qf5 26. Qxf5 Nxf5 27. Rd3 Re4 28.
Kc2 Rxf4 29. Bc1 Rf2 30. Kd1 Re8 31. Ke1 Rh2 32. d5 Nh4 33. Bxe3 Ng2+ 34. Kd2
Nxe3 35. Rxe3 Bxc3+ 36. Kd3 Rxe3+ 37. Kxe3 Bxb4 38. Kf3 Bc5 39. Rf1 Rh3+ 40.
Kg2 Re3 41. Bf3 h4 42. Kh3 Re5 43. Kxh4 Be3 44. Kh3 Rxg5 45. Re1 Bf4 46. Kh4
Bg3+ 47. Kxg5 Bxe1 48. Be2 Kg7 49. Kg4 Bd2 50. Kf3 f5 51. Bd3 Kf6 52. Ke2 Bh6
53. Kf3 Ke5 54. Ke2 Kxd5 55. Kd1 Kd4 56. Kc2 c5 57. Be2 g5 58. a3 g4 59. Kd1 g3
60. Bf3 Ke3 61. Ke1 c4 0-1

[Event "Tournoi francophone 002 Groupe D"]
[Site "Skype"]
[Date "????.??.??"]
[Round "9.5"]
[White "Moumtaz, Abderrahim"]
[Black "Gerbaux, Regis"]
[Result "1/2-1/2"]
[WhiteElo "1216"]
[BlackElo "1311"]
[PlyCount "50"]

1. d4 d5 2. c4 e6 3. Nc3 Nf6 4. Bg5 Be7 5. Nf3 c6 6. e3 O-O 7. Bd3 Nbd7 8. O-O
a6 9. Re1 dxc4 10. Bxc4 b5 11. Bd3 c5 12. Rc1 Bb7 13. Bxf6 Bxf6 14. Ne4 c4 15.
Bc2 Qe7 16. Nxf6+ Qxf6 17. e4 e5 18. b3 cxb3 19. axb3 Rac8 20. b4 Rc4 21. Qd2
Re8 22. Bb3 Rxc1 23. Qxc1 exd4 24. Qc7 Qc6 25. Qxc6 Bxc6 1/2-1/2